[Event "IECC TH-M-3721"]
[Site "IECC email"]
[Date "2022.02.02"]
[Round "?"]
[White "Humphreys, Bill"]
[Black "Bernardara, Enos"]
[Result "1/2-1/2"]
[WhiteElo "1319"]
[BlackElo "1265"]
[PlyCount "52"]
[EventDate "2022.??.??"]
[EventType "tourn (corr)"]
[SourceTitle "Corr 2024"]
[Source "ChessBase"]
[SourceDate "2023.10.19"]
[SourceVersion "1"]
[SourceVersionDate "2023.10.19"]
[SourceQuality "1"]
[WhiteTeam "Vereinigte Staaten"]
[BlackTeam "Italien"]
[WhiteTeamCountry "USA"]
[BlackTeamCountry "ITA"]

1. e4 e5 2. Nf3 Nc6 3. d4 exd4 4. Nxd4 Bc5 5. Be3 Qf6 6. Nb5 Bxe3 7. fxe3 Qe5 8. N1c3 Nf6 9. Nd5 Nxd5 10. exd5 a6 11. Nc3 Qxe3+ 12. Qe2 Qxe2+ 13. Bxe2 Nd4 14. Bd3 0-0 15. 0-0-0 d6 16. Rde1 c6 17. Rhf1 cxd5 18. Nxd5 Be6 19. Nc7 Rac8 20. Nxe6 Nxe6 21. Be4 Rc7 22. Rd1 Rd8 23. Rf3 Ng5 24. Re3 Nxe4 25. Rxe4 h6 26. Red4 Rcd7 1/2-1/2

[Event "P-5159"]
[Site "IECC email"]
[Date "2020.04.24"]
[Round "?"]
[White "Humphreys, Bill"]
[Black "Bernardara, Enos"]
[Result "1-0"]
[WhiteElo "1315"]
[BlackElo "1328"]
[PlyCount "53"]
[EventDate "2020.??.??"]
[EventType "tourn (corr)"]
[SourceTitle "Corr 2024"]
[Source "ChessBase"]
[SourceDate "2023.10.19"]
[SourceVersion "1"]
[SourceVersionDate "2023.10.19"]
[SourceQuality "1"]
[WhiteTeam "Vereinigte Staaten"]
[BlackTeam "Italien"]
[WhiteTeamCountry "USA"]
[BlackTeamCountry "ITA"]

1. d4 e6 2. Bf4 d5 3. e3 Nf6 4. Nd2 Nbd7 5. Bd3 Be7 6. Ngf3 0-0 7. h3 c5 8. c3 b6 9. 0-0 Bb7 10. Qe2 a5 11. a4 Ne4 12. Ne5 Nxe5 13. dxe5 f6 14. Rad1 Qc8 15. Nxe4 dxe4 16. Bc4 Rd8 17. Rxd8+ Bxd8 18. Rd1 Bc7 19. exf6 Bxf4 20. exf4 gxf6 21. Qg4+ Kf7 22. f5 Bd5 23. fxe6+ Bxe6 24. Bxe6+ Qxe6 25. Rd7+ Qxd7 26. Qxd7+ Kg6 27. Qe7 1-0

[Event "IECC KO-2131"]
[Site "IECC email"]
[Date "2017.05.02"]
[Round "?"]
[White "Humphreys, Bill"]
[Black "Domingues, Marcos"]
[Result "0-1"]
[WhiteElo "1247"]
[BlackElo "1878"]
[PlyCount "44"]
[EventDate "2016.??.??"]
[EventType "match (corr)"]
[EventRounds "2"]
[SourceTitle "Corr 2020"]
[Source "ChessBase"]
[SourceDate "2019.09.30"]
[SourceVersion "1"]
[SourceVersionDate "2019.09.30"]
[SourceQuality "1"]
[WhiteTeam "United States"]
[BlackTeam "Brazil"]
[WhiteTeamCountry "USA"]
[BlackTeamCountry "BRA"]

1. d4 Nf6 2. Bf4 c5 3. c3 e6 4. e3 Nc6 5. Bd3 d5 6. Nf3 Nh5 7. Bg3 Nxg3 8. hxg3 h6 9. Nbd2 Bd7 10. Qe2 a6 11. 0-0-0 Qc7 12. Nh4 cxd4 13. exd4 Nxd4 14. Qg4 Nc6 15. Qf3 0-0-0 16. Qxf7 Ne5 17. Qh5 Nxd3+ 18. Kc2 Nxf2 19. Rhf1 Nxd1 20. Kxd1 Qxg3 21. Ng6 Be8 22. Rxf8 Rxf8 0-1

[Event "IECC CL6-2017.02 email"]
[Site "IECC email"]
[Date "2017.02.04"]
[Round "?"]
[White "Campbell, Graham G"]
[Black "Humphreys, Bill"]
[Result "0-1"]
[WhiteElo "1267"]
[BlackElo "1196"]
[PlyCount "48"]
[EventDate "2017.??.??"]
[EventType "tourn (corr)"]
[EventRounds "4"]
[SourceTitle "Corr 2020"]
[Source "ChessBase"]
[SourceDate "2019.09.30"]
[SourceVersion "1"]
[SourceVersionDate "2019.09.30"]
[SourceQuality "1"]
[WhiteTeam "United States"]
[BlackTeam "United States"]
[WhiteTeamCountry "USA"]
[BlackTeamCountry "USA"]

1. c4 f5 2. g3 Nf6 3. Bg2 e6 4. d4 c6 5. Nd2 d5 6. Qc2 Bd6 7. Ngf3 0-0 8. 0-0 Nbd7 9. b3 Qe7 10. c5 Bc7 11. a3 Ne4 12. e3 e5 13. Bb2 Nxd2 14. Nxd2 e4 15. Rfe1 b6 16. b4 bxc5 17. bxc5 Nf6 18. Bc3 Bd7 19. a4 a5 20. Rab1 Rfb8 21. Nb3 g5 22. h3 f4 23. exf4 gxf4 24. g4 f3 0-1

[Event "IECC KO-2130"]
[Site "IECC email"]
[Date "2016.10.11"]
[Round "?"]
[White "Humphreys, Bill"]
[Black "Basson, Heinrich"]
[Result "0-1"]
[WhiteElo "1205"]
[BlackElo "1630"]
[PlyCount "108"]
[EventDate "2016.??.??"]
[EventType "match (corr)"]
[EventRounds "2"]
[SourceTitle "Corr 2020"]
[Source "ChessBase"]
[SourceDate "2019.09.30"]
[SourceVersion "1"]
[SourceVersionDate "2019.09.30"]
[SourceQuality "1"]
[WhiteTeam "United States"]
[BlackTeam "South Africa"]
[WhiteTeamCountry "USA"]
[BlackTeamCountry "RSA"]

1. d4 d5 2. Bf4 Nf6 3. Nf3 c6 4. e3 Bg4 5. Nbd2 Nbd7 6. h3 Bh5 7. Bd3 Bg6 8. Bxg6 hxg6 9. c3 e6 10. Qc2 Be7 11. 0-0-0 Qb6 12. Ne5 Nxe5 13. Bxe5 0-0-0 14. g4 Rh7 15. f3 Nd7 16. Bg3 Nf6 17. f4 c5 18. Nf3 Ne4 19. Be1 Rdh8 20. Ne5 Rf8 21. dxc5 Bxc5 22. Qa4 Bxe3+ 23. Kb1 Nc5 24. Qb4 Qxb4 25. cxb4 Nd7 26. Nxd7 Kxd7 27. Bd2 Bxd2 28. Rxd2 Rfh8 29. Rd3 Kd6 30. a4 f6 31. f5 gxf5 32. gxf5 e5 33. Rhd1 d4 34. Rg1 Kd5 35. Kc2 e4 36. Rdg3 d3+ 37. Kc3 Rc8+ 38. Kb3 Kd4 39. Rd1 Re8 40. b5 e3 41. a5 d2 42. Kc2 Rc8+ 43. Kb1 Kd3 44. a6 bxa6 45. bxa6 Ke2 46. Rgg1 Rxh3 47. b4 Rc4 48. b5 Kd3 49. Rxg7 Rd4 50. b6 axb6 51. a7 Ra4 52. Kb2 Rhh4 53. Rd7+ Ke2 54. Ra1 Rhb4+ 0-1

[Event "IECC O-4162"]
[Site "IECC email"]
[Date "2016.01.10"]
[Round "?"]
[White "Humphreys, Bill"]
[Black "Jacob, Sheeju Urbanus"]
[Result "1-0"]
[WhiteElo "1202"]
[BlackElo "1121"]
[PlyCount "87"]
[EventDate "2016.??.??"]
[EventType "swiss (corr)"]
[EventRounds "2"]
[SourceTitle "Corr 2020"]
[Source "ChessBase"]
[SourceDate "2019.09.30"]
[SourceVersion "1"]
[SourceVersionDate "2019.09.30"]
[SourceQuality "1"]
[WhiteTeam "United States"]
[BlackTeam "India"]
[WhiteTeamCountry "USA"]
[BlackTeamCountry "IND"]

1. d4 Nf6 2. Bf4 Nc6 3. Nf3 Nd5 4. e3 h6 5. h3 e6 6. Bh2 Nf6 7. c3 b6 8. Bd3 a5 9. Nbd2 Ba6 10. c4 Nb4 11. Be2 d5 12. 0-0 dxc4 13. Nxc4 Qd5 14. b3 Ra7 15. Nfe5 Bb7 16. Bf3 Qd8 17. Nc6 Bxc6 18. Na3 Nbd5 19. Rc1 Bd7 20. e4 Bxa3 21. exd5 exd5 22. Qe2+ Kf8 23. Rc2 Bf5 24. Rc6 Bd7 25. Rc2 Bf5 26. Rc6 Qa8 27. Rxc7 Ne8 28. Bxd5 Qxd5 29. Rxa7 Be4 30. Re1 Nf6 31. f3 Qxd4+ 32. Kh1 Bc6 33. Rd1 Qc5 34. Bd6+ Qxd6 35. Rxd6 Bxd6 36. Qd3 Bb8 37. Qd8+ Be8 38. Qxb8 Nd5 39. Qd6+ Ne7 40. Qxe7+ Kg8 41. Qxe8+ Kh7 42. Qe4+ g6 43. Rxf7+ Kg8 44. Qe8# 1-0

[Event "SE-2015-0-00195"]
[Site "LSS email"]
[Date "2015.02.27"]
[Round "?"]
[White "Humphreys, Bill"]
[Black "Jostov, Keylah"]
[Result "1-0"]
[WhiteElo "1236"]
[BlackElo "1271"]
[PlyCount "49"]
[EventDate "2015.01.17"]
[EventType "tourn (corr)"]
[EventRounds "6"]
[EventCountry "GER"]
[SourceTitle "Corr 2022"]
[Source "ChessBase"]
[SourceDate "2021.10.24"]
[SourceVersion "1"]
[SourceVersionDate "2021.10.24"]
[SourceQuality "1"]

1. d4 Nf6 2. Bf4 g6 3. Nf3 Bg7 4. e3 0-0 5. Be2 b6 6. h3 Bb7 7. Nbd2 d6 8. 0-0 c5 9. c3 Nbd7 10. Qc2 Rc8 11. Qa4 a6 12. Qb3 b5 13. dxc5 Nxc5 14. Qc2 Nce4 15. Nxe4 Bxe4 16. Qd1 Qb6 17. a3 a5 18. Nd4 b4 19. cxb4 axb4 20. axb4 Qxb4 21. Qb3 Qxb3 22. Nxb3 Rc2 23. Nd4 Rxb2 24. Bf3 Bxf3 25. Nxf3 1-0

[Event "SE-2015-0-00195"]
[Site "LSS email"]
[Date "2015.02.21"]
[Round "?"]
[White "Humphreys, Bill"]
[Black "Razo, Ryan Jose"]
[Result "0-1"]
[WhiteElo "1236"]
[BlackElo "1436"]
[PlyCount "50"]
[EventDate "2015.01.17"]
[EventType "tourn (corr)"]
[EventRounds "6"]
[EventCountry "GER"]
[SourceTitle "Corr 2022"]
[Source "ChessBase"]
[SourceDate "2021.10.24"]
[SourceVersion "1"]
[SourceVersionDate "2021.10.24"]
[SourceQuality "1"]

1. d4 Nf6 2. Bf4 g6 3. Nf3 Bg7 4. e3 d6 5. Be2 0-0 6. h3 b6 7. Nbd2 Bb7 8. 0-0 c5 9. c3 Nbd7 10. Bd3 a6 11. Qc2 Re8 12. e4 cxd4 13. cxd4 e5 14. dxe5 dxe5 15. Bh2 Nc5 16. Nxe5 Rxe5 17. Bxe5 Nxd3 18. Bc3 Nxe4 19. Bxg7 Kxg7 20. Rad1 Nexf2 21. Qc3+ Kg8 22. Rxf2 Nxf2 23. Kxf2 Rc8 24. Qb3 Rc1 25. Kg1 Qxd2 0-1

[Event "P-4934"]
[Site "IECC email"]
[Date "2014.11.26"]
[Round "?"]
[White "Humphreys, Bill"]
[Black "Ferguson, Drew"]
[Result "0-1"]
[WhiteElo "1236"]
[BlackElo "1274"]
[PlyCount "48"]
[EventDate "2014.??.??"]
[EventType "tourn (corr)"]
[SourceTitle "Corr 2020"]
[Source "ChessBase"]
[SourceDate "2019.09.30"]
[SourceVersion "1"]
[SourceVersionDate "2019.09.30"]
[SourceQuality "1"]
[WhiteTeam "United States"]
[BlackTeam "Ireland"]
[WhiteTeamCountry "USA"]
[BlackTeamCountry "IRL"]

1. d4 c5 2. c3 cxd4 3. cxd4 Nf6 4. Nf3 d5 5. e3 Nc6 6. Bd3 Bg4 7. Nbd2 e6 8. h3 Bh5 9. Qc2 Bd6 10. 0-0 0-0 11. b3 Nb4 12. Qb1 Rc8 13. g3 Rc3 14. Ne1 Nxd3 15. Nxd3 Bg6 16. Qb2 Rxd3 17. Nf3 Ne4 18. Ne1 Rd1 19. Nf3 Rxf1+ 20. Kxf1 Qf6 21. Kg2 Rc8 22. Bd2 Nxd2 23. Qxd2 Rc2 24. Qa5 Be4 0-1

[Event "IECC 2014-1.10"]
[Site "IECC email"]
[Date "2014.01.05"]
[Round "?"]
[White "Llorente Alvarez, Jose Luis"]
[Black "Humphreys, Bill"]
[Result "1-0"]
[WhiteElo "2140"]
[BlackElo "1277"]
[PlyCount "33"]
[EventDate "2014.??.??"]
[EventType "tourn (corr)"]
[SourceTitle "Corr 2020"]
[Source "ChessBase"]
[SourceDate "2019.09.30"]
[SourceVersion "1"]
[SourceVersionDate "2019.09.30"]
[SourceQuality "1"]
[WhiteTeam "Spain"]
[BlackTeam "United States"]
[WhiteTeamCountry "ESP"]
[BlackTeamCountry "USA"]

1. f4 d5 2. Nf3 g6 3. e3 Bg7 4. d4 Nf6 5. c4 0-0 6. Nc3 c6 7. Be2 Bf5 8. 0-0 Ne4 9. Qb3 Qc8 10. cxd5 Nxc3 11. bxc3 cxd5 12. Qxd5 Qxc3 13. Bd2 Qc6 14. Qb3 Nd7 15. Rac1 Qb6 16. Qa3 e6 17. Ba5 1-0

[Event "IECC 2014-1.10"]
[Site "IECC email"]
[Date "2014.01.05"]
[Round "?"]
[White "Walsh, Kevin"]
[Black "Humphreys, Bill"]
[Result "1-0"]
[WhiteElo "1700"]
[BlackElo "1278"]
[PlyCount "67"]
[EventDate "2014.??.??"]
[EventType "tourn (corr)"]
[SourceTitle "Corr 2020"]
[Source "ChessBase"]
[SourceDate "2019.09.30"]
[SourceVersion "1"]
[SourceVersionDate "2019.09.30"]
[SourceQuality "1"]
[WhiteTeam "Ireland"]
[BlackTeam "United States"]
[WhiteTeamCountry "IRL"]
[BlackTeamCountry "USA"]

1. d4 f5 2. e4 fxe4 3. Nc3 Nf6 4. f3 d5 5. fxe4 dxe4 6. Bg5 g6 7. Bxf6 exf6 8. Nxe4 f5 9. Ng3 Qe7+ 10. Qe2 Qxe2+ 11. Bxe2 Bg7 12. 0-0-0 0-0 13. Nf3 Be6 14. Kb1 c6 15. h4 Nd7 16. h5 Bf7 17. hxg6 Bxg6 18. Bc4+ Bf7 19. Bd3 Bg6 20. Nh4 Nb6 21. Ngxf5 Rae8 22. Nxg6 hxg6 23. Nh6+ Bxh6 24. Rxh6 Re7 25. Rxg6+ Rg7 26. Rxg7+ Kxg7 27. Rf1 Rd8 28. c3 Nd5 29. Rf3 Re8 30. Kc2 Ne3+ 31. Kd2 Kg8 32. Rxe3 Rxe3 33. Kxe3 Kf7 34. Kf4 1-0

[Event "IECC Swiss-564.3"]
[Site "IECC email"]
[Date "2013.09.13"]
[Round "?"]
[White "D'Aragona, Vittoria"]
[Black "Humphreys, Bill"]
[Result "1-0"]
[WhiteElo "1409"]
[BlackElo "1293"]
[PlyCount "67"]
[EventDate "2013.??.??"]
[EventType "swiss (corr)"]
[EventRounds "1"]
[SourceTitle "Telechess CBM 165"]
[Source "ChessBase"]
[SourceDate "2015.03.11"]
[SourceVersion "1"]
[SourceVersionDate "2015.03.11"]
[SourceQuality "1"]
[BlackTeam "US of America"]
[BlackTeamCountry "USA"]

1. e4 d5 2. exd5 Qxd5 3. Nc3 Qa5 4. Bc4 Nf6 5. Nge2 c6 6. 0-0 Bf5 7. d3 e6 8. Bd2 Be7 9. Ng3 Bg6 10. h4 h6 11. Nd5 Qd8 12. Nxe7 Qxe7 13. a4 0-0 14. h5 Bh7 15. Qf3 Nbd7 16. Rfe1 Qc5 17. b4 Qe7 18. a5 a6 19. Rab1 Qd6 20. Bf4 e5 21. Be3 Rfe8 22. Ne4 Bxe4 23. dxe4 Rab8 24. Red1 Qe7 25. c3 Red8 26. Rd2 c5 27. Bb3 Kh8 28. Rbd1 cxb4 29. cxb4 Qxb4 30. Bb6 Nxe4 31. Rxd7 Re8 32. Qxf7 Qf8 33. Qg6 Qxf2+ 34. Bxf2 1-0

[Event "IECC Swiss-563.3"]
[Site "IECC email"]
[Date "2013.06.18"]
[Round "?"]
[White "Humphreys, Bill"]
[Black "D'Aragona, Vittoria"]
[Result "1/2-1/2"]
[WhiteElo "1236"]
[BlackElo "1378"]
[PlyCount "55"]
[EventDate "2013.??.??"]
[EventType "swiss (corr)"]
[EventRounds "1"]
[SourceTitle "Telechess CBM 165"]
[Source "ChessBase"]
[SourceDate "2015.03.11"]
[SourceVersion "1"]
[SourceVersionDate "2015.03.11"]
[SourceQuality "1"]
[WhiteTeam "US of America"]
[WhiteTeamCountry "USA"]

1. d4 e6 2. e3 Nf6 3. Bd3 Be7 4. f4 0-0 5. Nf3 d5 6. Ne5 Ne4 7. Nd2 f6 8. Nef3 f5 9. 0-0 c5 10. c3 Nd7 11. Ne5 Nxe5 12. fxe5 Bd7 13. Nxe4 fxe4 14. Be2 Rxf1+ 15. Qxf1 Qe8 16. Bd2 Qg6 17. Qf4 h5 18. Qg3 Qxg3 19. hxg3 g6 20. Rf1 Rf8 21. Rxf8+ Kxf8 22. g4 h4 23. Be1 Bg5 24. Bd2 c4 25. Bd1 a5 26. a3 a4 27. Kh2 Ke7 28. Bc2 1/2-1/2

[Event "IECC KO-2121"]
[Site "IECC email"]
[Date "2013.06.03"]
[Round "?"]
[White "Humphreys, Bill"]
[Black "Cave, John S"]
[Result "1/2-1/2"]
[WhiteElo "1218"]
[BlackElo "1442"]
[PlyCount "68"]
[EventDate "2013.??.??"]
[EventType "match (corr)"]
[EventRounds "2"]
[SourceTitle "Telechess CBM 165"]
[Source "ChessBase"]
[SourceDate "2015.03.11"]
[SourceVersion "1"]
[SourceVersionDate "2015.03.11"]
[SourceQuality "1"]
[WhiteTeam "US of America"]
[BlackTeam "US of America"]
[WhiteTeamCountry "USA"]
[BlackTeamCountry "USA"]

1. d4 Nf6 2. e3 g6 3. Nf3 Bg7 4. Bd3 0-0 5. 0-0 d6 6. b3 Nbd7 7. Bb2 c5 8. Nbd2 Qc7 9. Re1 b6 10. c4 Bb7 11. d5 Rfe8 12. Nh4 e6 13. e4 exd5 14. exd5 Ne5 15. Qc2 Nxd3 16. Qxd3 Qd7 17. Nhf3 Rxe1+ 18. Rxe1 Re8 19. Re2 Rxe2 20. Qxe2 Qe8 21. Qxe8+ Nxe8 22. Bxg7 Kxg7 23. Nh4 Nf6 24. h3 h5 25. Nhf3 Bc8 26. a4 Bf5 27. Ng5 Ne8 28. Nge4 Bxe4 29. Nxe4 f5 30. Ng5 Kf6 31. f4 Nc7 32. h4 Na6 33. Nf3 Nb4 34. Nd2 Nc2 1/2-1/2

[Event "IECC CL6-2013.02 email"]
[Site "IECC email"]
[Date "2013.03.28"]
[Round "?"]
[White "Hughes, Peter James"]
[Black "Humphreys, Bill"]
[Result "1/2-1/2"]
[WhiteElo "1189"]
[BlackElo "1219"]
[PlyCount "68"]
[EventDate "2013.??.??"]
[EventType "tourn (corr)"]
[EventRounds "4"]
[SourceTitle "Telechess CBM 165"]
[Source "ChessBase"]
[SourceDate "2015.03.11"]
[SourceVersion "1"]
[SourceVersionDate "2015.03.11"]
[SourceQuality "1"]
[WhiteTeam "Australia"]
[BlackTeam "US of America"]
[WhiteTeamCountry "AUS"]
[BlackTeamCountry "USA"]

1. d4 f5 2. c4 e6 3. g3 Nf6 4. Bg2 Be7 5. Nf3 0-0 6. 0-0 a5 7. b3 d6 8. Bb2 Bd7 9. Nbd2 Bc6 10. d5 exd5 11. cxd5 Bxd5 12. Rc1 Nc6 13. Qc2 Be6 14. Bh3 Rc8 15. Bxf5 Qd7 16. Bxe6+ Qxe6 17. Ng5 Qd7 18. Bxf6 g6 19. Bxe7 Qxe7 20. Ndf3 Ne5 21. Nxe5 Qxe5 22. f4 Qe8 23. f5 Qe3+ 24. Kh1 Qxg5 25. fxg6 Qxg6 26. Qc3 Rxf1+ 27. Rxf1 Qe4+ 28. Kg1 Qxe2 29. Rf2 Qe7 30. Qxa5 Rf8 31. Rxf8+ Kxf8 32. Qa8+ Kf7 33. Qxb7 Qe1+ 34. Kg2 Qe2+ 1/2-1/2

[Event "IECC CL6-2013.02 email"]
[Site "IECC email"]
[Date "2013.03.28"]
[Round "?"]
[White "Humphreys, Bill"]
[Black "Campbell, Graham G"]
[Result "0-1"]
[WhiteElo "1243"]
[BlackElo "1202"]
[PlyCount "38"]
[EventDate "2013.??.??"]
[EventType "tourn (corr)"]
[EventRounds "4"]
[SourceTitle "Corr 2020"]
[Source "ChessBase"]
[SourceDate "2019.09.30"]
[SourceVersion "1"]
[SourceVersionDate "2019.09.30"]
[SourceQuality "1"]
[WhiteTeam "United States"]
[BlackTeam "United States"]
[WhiteTeamCountry "USA"]
[BlackTeamCountry "USA"]

1. d4 d5 2. e3 Nf6 3. Bd3 e6 4. Nd2 c5 5. c3 Nc6 6. f4 Bd6 7. Ngf3 0-0 8. Ne5 Nd7 9. 0-0 f6 10. Bxh7+ Kxh7 11. Qh5+ Kg8 12. Rf3 fxe5 13. Rh3 Nf6 14. Qg6 Qe8 15. Qg5 exf4 16. exf4 Be7 17. Nf3 e5 18. Rg3 Nh5 19. Qg6 Qxg6 0-1